Statistics for Busiest Toronto Subway TTC Stations

Click here to take the quiz!

General Stats

  • This quiz has been taken 125 times
  • The average score is 15 of 20

Answer Stats

Avg. Weekday RidershipLineStation% Correct
143,6401Union
96%
48,7001Queen
95%
64,7301King
93%
256,0301 & 2St. George
93%
44,5601 & 2Spadina
91%
401,0901 & 2Bloor–Yonge
90%
73,5601Dundas
90%
111,1902 & 3Kennedy
81%
44,3701College
80%
99,3501Finch
77%
68,5201Eglinton
75%
125,4701 & 4Sheppard–Yonge
75%
49,3402Kipling
72%
37,0504Don Mills
68%
36,6201St. Clair
68%
57,4801St. Andrew
67%
46,4701Queen's Park
52%
41,2702Islington
48%
39,9802Warden
47%
41,6001Sheppard West
44%

Score Distribution

Percentile by Number Answered

Percent of People with Each Score

Your Score History

You have not taken this quiz